| 000 | 00495nam a2200157 a 4500 | ||
|---|---|---|---|
| 001 | 000043085 | ||
| 005 | 20201002040627.0 | ||
| 008 | 140218s2001 xxuf 000 0 spa d | ||
| 020 | _a1586630814 | ||
| 040 |
_aDO-SdBNP _bspa _cBNPHU |
||
| 100 | 1 |
_aPatrick Murray, G. E. _970613 |
|
| 245 | 1 | 0 |
_aBomber missions : _baviation art of world war II / _cG. E. Patrick Murray. |
| 260 |
_aNew York, : _bFriedman/Fairfax publishers, _c2001. |
||
| 300 |
_a144 p. : _blam. ; _c29 cm. |
||
| 500 | _aIncluye índice | ||
| 999 |
_c42574 _d42574 |
||